| 000 | 01077nam a2200289Ia 4500 | ||
|---|---|---|---|
| 999 |
_c35668 _d35668 |
||
| 003 | GCL | ||
| 005 | 20240530102944.0 | ||
| 008 | 140319s1962 ua f 000 0 ara d | ||
| 040 |
_aGCL / _cGCL |
||
| 082 | 0 | 4 |
_a923.1/ _bق/هـ ك _221 |
| 100 | 1 | _aهولمز، | |
| 245 | 1 | 0 |
_aكانت ملكة على مصر : _bحتشبسوت - نفرتيتى - كليوبترا - شجرة الدر / _cتاليف وينفرد هولمز ؛ ترجمة سعد احمد حسين ؛ راجعة احمد فخرى |
| 260 |
_aالقاهرة : _bمؤسسة سجل العرب ، _c1962 |
||
| 300 |
_a218 ص: _bايض ؛ _c24 سم |
||
| 490 | 0 |
_aالالف كتاب ؛ _v392. |
|
| 600 | 0 | _aحتشبسوت | |
| 600 | 0 | _aنفرتيتى | |
| 600 | 0 | _aكليوبترا | |
| 600 | 0 | _aشجرة الدر | |
| 650 | 0 | 7 |
_aالفراعنة _2qrmak |
| 650 | 0 | 7 |
_aالحضارة الفرعونية _2qrmak |
| 650 | 0 | 7 |
_2qrmak _aالملكات |
| 651 | 0 | 7 |
_2qrmak _aمصر القديمة |
| 700 | 0 |
_aسعد احمد حسين _eمترجم |
|
| 700 | 0 |
_aاحمد فخرى _eمراجع |
|
| 942 |
_2ddc _cBK |
||